Bellas artes como historia de Cartagena / (Registro nro. 30300)
[ vista simple ]
| 000 -LEADER | |
|---|---|
| fixed length control field | 01398nam a2200289Ia 4500 |
| 003 - CONTROL NUMBER IDENTIFIER | |
| control field | CO-CtgCURN |
| 005 - DATE AND TIME OF LATEST TRANSACTION | |
| control field | 20250409210223.0 |
| 008 - FIXED-LENGTH DATA ELEMENTS--GENERAL INFORMATION | |
| fixed length control field | 190725s9999 xx 000 0 und d |
| 020 ## - INTERNATIONAL STANDARD BOOK NUMBER | |
| International Standard Book Number | 9789589960196 |
| 040 ## - CATALOGING SOURCE | |
| Original cataloging agency | CO-CtgCURN |
| Language of cataloging | spa |
| Transcribing agency | coctgcurn |
| 082 ## - DEWEY DECIMAL CLASSIFICATION NUMBER | |
| Classification number | 709.861 |
| Item number | B436 |
| 245 #0 - TITLE STATEMENT | |
| Title | Bellas artes como historia de Cartagena / |
| Statement of responsibility, etc. | dirigido por Sacra Norma Nader David;prólogo Carlos Arturo Fernandez Uribe; Alvaro Medina [y otros catorce]; editores académicos., Karen David Daccarett, Kenneth Moreno May |
| 260 ## - PUBLICATION, DISTRIBUTION, ETC. | |
| Place of publication, distribution, etc. | Cartagena de Indias, Bolívar : |
| Name of publisher, distributor, etc. | Institucion Universitaria Bellas Artes y Ciencias de Bolivar, |
| Date of publication, distribution, etc. | 2016 |
| 300 ## - PHYSICAL DESCRIPTION | |
| Extent | 406 páginas ; |
| Dimensions | 31 centímetros |
| 504 ## - BIBLIOGRAPHY, ETC. NOTE | |
| Bibliography, etc. note | Incluye referencias bibliográficas |
| 505 ## - FORMATTED CONTENTS NOTE | |
| Formatted contents note | Cap. 1. Convento de San Diego -- Cap. 2. Una retrospectiva necesaria -- Cap. 3. Las artes y las prácticas artisticas -- Cap. 4. Las artes escenicas -- Cap. 5. La musica -- Cap. 6. Resurgimiento y consolidacion de Unibac |
| 521 ## - TARGET AUDIENCE NOTE | |
| Target audience note | AREA BASICA |
| 590 ## - LOCAL NOTE (RLIN) | |
| Local note | Todos los programas acádemicos |
| 650 ## - SUBJECT ADDED ENTRY--TOPICAL TERM | |
| Topical term or geographic name entry element | Artes |
| Geographic subdivision | Cartagena de Indias |
| 650 ## - SUBJECT ADDED ENTRY--TOPICAL TERM | |
| Topical term or geographic name entry element | Escultura |
| Geographic subdivision | Cartagena |
| 700 ## - ADDED ENTRY--PERSONAL NAME | |
| Personal name | Fernandez Uribe, Carlos Arturo |
| Relator term | prólogo |
| 700 ## - ADDED ENTRY--PERSONAL NAME | |
| Personal name | Karen David Daccarett |
| 700 ## - ADDED ENTRY--PERSONAL NAME | |
| Personal name | Medina, alvaro |
| 700 ## - ADDED ENTRY--PERSONAL NAME | |
| Personal name | Nader David, Sacra Norma |
| 942 ## - ADDED ENTRY ELEMENTS (KOHA) | |
| Koha item type | Libros |
| Classification part | 709.861 |
| Item part | B436 |
| Withdrawn status | Lost status | Damaged status | Not for loan | Collection | Home library | Current library | Shelving location | Date acquired | Inventory number | Total checkouts | Full call number | Barcode | Date last seen | Copy number | Price effective from | Koha item type |
|---|---|---|---|---|---|---|---|---|---|---|---|---|---|---|---|---|
| Miguel Henríquez Castañeda Barranquilla | Miguel Henríquez Castañeda Barranquilla | General | 05/23/2018 | 04385 | 709.861 B436 | 04385 | 07/25/2019 | ej.1 | 07/25/2019 | Libros |